[Event "DEM U16 2000"]
[Site "Überlingen GER"]
[Date "2000.06.04"]
[Round "1"]
[White "Feige, Manuel"]
[Black "Nguyen, Hoang"]
[Result "1-0"]
[Termination "normal"]
[Board "1"]
[WhiteElo "2246"]
[BlackElo "1955"]
[PlyCount "83"]
[WhiteFideId "4656350"]
[EventCountry "GER"]
[EventRounds "9"]
[EventType "swiss"]
[EventDate "2000.06.03"]

1. d4 g6 2. c4 Bg7 3. Nc3 c5 4. d5 Bxc3+ 5. bxc3 Qa5 6. Qc2 f5 7. Bg5 d6 8. f3
Nd7 9. e3 Nb6 10. Nh3 h6 11. Bh4 Bd7 12. Be2 O-O-O 13. O-O g5 14. Bg3 Qa4 15.
Qb3 e5 16. dxe6 Bxe6 17. Rfd1 Qc6 18. Rd2 Rh7 19. a4 Kc7 20. a5 Nc8 21. Nf2
Rdd7 22. Nd3 Kd8 23. Qa2 Qc7 24. Bd1 Rde7 25. e4 f4 26. Bf2 Ke8 27. e5 b6 28.
axb6 axb6 29. exd6 Nxd6 30. Ne5 Nc8 31. Ba4+ Kf8 32. Ng6+ Kf7 33. Nxe7 Ngxe7
34. Re1 g4 35. fxg4 Bxg4 36. Bh4 Ng6 37. Be8+ Kg7 38. Bxg6 Kxg6 39. Qc2+ Kg7
40. h3 Bh5 41. Qf5 Bg6 42. Qf6+ 1-0

[Event "DEM U16 2000"]
[Site "Überlingen GER"]
[Date "2000.06.04"]
[Round "1"]
[White "Schlichthaar, Robert"]
[Black "Rau, Hannes"]
[Result "0-1"]
[Termination "normal"]
[Board "2"]
[WhiteElo "1925"]
[BlackElo "2227"]
[PlyCount "72"]
[WhiteFideId "4672763"]
[BlackFideId "4657594"]
[EventCountry "GER"]
[EventRounds "9"]
[EventType "swiss"]
[EventDate "2000.06.03"]

1. e4 c5 2. Nf3 d6 3. Bb5+ Bd7 4. Bxd7+ Qxd7 5. O-O Nc6 6. c3 d5 7. exd5 Qxd5
8. d4 e6 9. Bf4 Nf6 10. Re1 Be7 11. dxc5 Bxc5 12. Nbd2 O-O 13. Qc2 Rac8 14. Nb3
Be7 15. Rad1 Qc4 16. Bg3 Rfd8 17. Ne5 Nxe5 18. Bxe5 Qa4 19. Qb1 h6 20. h3 Qb5
21. Nd4 Qb6 22. Nf3 Rd5 23. Rxd5 Nxd5 24. Bd4 Bc5 25. Bxc5 Rxc5 26. Nd4 Qa6 27.
Rc1 Nf4 28. Qe4 Nd3 29. Rc2 Re5 30. Qh4 Qxa2 31. Qg3 Re1+ 32. Kh2 Ne5 33. Qf4
Qb1 34. Re2 Rh1+ 35. Kg3 Qg6+ 36. Kh4 Qxg2 0-1

[Event "DEM U16 2000"]
[Site "Überlingen GER"]
[Date "2000.06.04"]
[Round "1"]
[White "Gasthofer, Alexander"]
[Black "Schlawin, Marlon"]
[Result "1-0"]
[Termination "normal"]
[Board "3"]
[WhiteElo "2212"]
[BlackElo "1870"]
[PlyCount "59"]
[WhiteFideId "4655150"]
[BlackFideId "4675584"]
[EventCountry "GER"]
[EventRounds "9"]
[EventType "swiss"]
[EventDate "2000.06.03"]

1. Nf3 Nf6 2. g3 g6 3. Bg2 Bg7 4. O-O O-O 5. d4 d6 6. c4 Nbd7 7. Nc3 e5 8. h3
Re8 9. dxe5 dxe5 10. Be3 c6 11. Qb3 Qe7 12. Rfd1 Nc5 13. Bxc5 Qxc5 14. Ng5 Qe7
15. Nge4 Nxe4 16. Nxe4 Be6 17. Nd6 Red8 18. Qxb7 Qxb7 19. Nxb7 Rxd1+ 20. Rxd1
Bxc4 21. b3 Bxe2 22. Rd7 Bf8 23. Bxc6 Rc8 24. Bd5 e4 25. Rxf7 Rc1+ 26. Kh2 Rf1
27. Rf4+ Kg7 28. Bxe4 Be7 29. Bg2 Ra1 30. Re4 1-0

[Event "DEM U16 2000"]
[Site "Überlingen GER"]
[Date "2000.06.04"]
[Round "1"]
[White "Scalisi, Carmelo"]
[Black "Jenull, Marco"]
[Result "0-1"]
[Termination "normal"]
[Board "4"]
[WhiteElo "1842"]
[BlackElo "2180"]
[PlyCount "74"]
[BlackFideId "4651529"]
[EventCountry "GER"]
[EventRounds "9"]
[EventType "swiss"]
[EventDate "2000.06.03"]

1. e4 Nf6 2. Nc3 d5 3. e5 Nfd7 4. f4 e6 5. d4 c5 6. Nf3 Nc6 7. Be3 a6 8. Qd2
Be7 9. Bd3 b5 10. Nd1 cxd4 11. Nxd4 Nxd4 12. Bxd4 Nc5 13. Nf2 Nxd3+ 14. Nxd3
Bd7 15. Nc5 Qc7 16. b4 a5 17. c3 O-O 18. O-O Rfd8 19. g4 Bc6 20. f5 Bd7 21. f6
Bf8 22. g5 g6 23. h4 axb4 24. cxb4 Ra3 25. Kg2 Bxc5 26. bxc5 Ra4 27. h5 gxh5
28. g6 Rxd4 29. gxh7+ Kxh7 30. Qxd4 Rg8+ 31. Kf2 Rg4 32. Qd3+ Re4 33. Qg3 Rg4
34. Qh2 Qxc5+ 35. Ke1 Qc3+ 36. Qd2 Re4+ 37. Kd1 Qxa1+ 0-1

[Event "DEM U16 2000"]
[Site "Überlingen GER"]
[Date "2000.06.04"]
[Round "1"]
[White "Klinger, Sebastian"]
[Black "Zolotarew, Pawel"]
[Result "1-0"]
[Termination "normal"]
[Board "5"]
[WhiteElo "2172"]
[BlackElo "1832"]
[PlyCount "77"]
[WhiteFideId "4667549"]
[EventCountry "GER"]
[EventRounds "9"]
[EventType "swiss"]
[EventDate "2000.06.03"]

1. d4 e6 2. Nf3 b6 3. g3 Bb7 4. Bg2 f5 5. O-O Nf6 6. c4 d6 7. Nc3 Nbd7 8. Re1
h6 9. d5 e5 10. Nh4 Bc8 11. e4 fxe4 12. Bxe4 Nc5 13. Bg6+ Ke7 14. f4 Bg4 15.
Qc2 Qd7 16. Be3 Kd8 17. Bxc5 bxc5 18. fxe5 dxe5 19. Rxe5 Bd6 20. Re3 Kc8 21.
Rae1 Rb8 22. Nf5 a6 23. b3 h5 24. Nxd6+ Qxd6 25. Bf5+ Bxf5 26. Qxf5+ Kb7 27.
Re6 Qd8 28. Na4 Nd7 29. Re7 Nb6 30. Nxc5+ Ka7 31. Qe5 Rc8 32. Qe3 Rf8 33. Na4
Rb8 34. Nc5 Qd6 35. Nd7 Rf6 36. Nxf6 gxf6 37. c5 Nxd5 38. cxd6+ Nxe3 39. R1xe3
1-0

[Event "DEM U16 2000"]
[Site "Überlingen GER"]
[Date "2000.06.04"]
[Round "1"]
[White "Berrang, Gerritt"]
[Black "Ladinzon, Igor"]
[Result "1/2-1/2"]
[Termination "normal"]
[Board "6"]
[WhiteElo "1828"]
[BlackElo "2170"]
[PlyCount "51"]
[BlackFideId "4663020"]
[EventCountry "GER"]
[EventRounds "9"]
[EventType "swiss"]
[EventDate "2000.06.03"]

1. Nf3 d5 2. g3 Nf6 3. Bg2 e6 4. O-O Bd6 5. d4 Nbd7 6. b3 Qe7 7. c4 c6 8. Nc3
O-O 9. Bb2 b6 10. Nd2 Bb7 11. e4 dxe4 12. Ndxe4 Ba3 13. Bxa3 Qxa3 14. Qc1 Qe7
15. Qc2 c5 16. Nxf6+ Nxf6 17. Bxb7 Qxb7 18. dxc5 bxc5 19. Rad1 Rad8 20. Rxd8
Rxd8 21. Rd1 Rd7 22. Rxd7 Qxd7 23. Ne4 Nxe4 24. Qxe4 h6 25. Kg2 Qc7 26. h4
1/2-1/2

[Event "DEM U16 2000"]
[Site "Überlingen GER"]
[Date "2000.06.04"]
[Round "1"]
[White "Köpke, Christian"]
[Black "Kapp, Martin"]
[Result "1/2-1/2"]
[Termination "normal"]
[Board "7"]
[WhiteElo "2164"]
[BlackElo "1817"]
[PlyCount "62"]
[WhiteFideId "4655737"]
[EventCountry "GER"]
[EventRounds "9"]
[EventType "swiss"]
[EventDate "2000.06.03"]

1. e4 e6 2. d4 d5 3. e5 c5 4. c3 Nc6 5. Nf3 Qb6 6. Be2 cxd4 7. cxd4 Nge7 8. b3
Nf5 9. Bb2 Bb4+ 10. Kf1 h5 11. h4 Bd7 12. g3 Rc8 13. Kg2 Na5 14. Qd3 a6 15. Nc3
Bxc3 16. Bxc3 Bb5 17. Bxa5 Qxa5 18. Qd1 Bxe2 19. Qxe2 O-O 20. Rhc1 Rc3 21. Rc2
Rfc8 22. Rac1 Rxc2 23. Rxc2 Rc6 24. Rxc6 bxc6 25. Qc2 Qb6 26. Qc3 a5 27. a3 Kf8
28. b4 a4 29. Qd2 Ke8 30. Qd1 Qa7 31. Qd3 Qb6 1/2-1/2

[Event "DEM U16 2000"]
[Site "Überlingen GER"]
[Date "2000.06.04"]
[Round "1"]
[White "Kozul, Boris"]
[Black "Helm, Leonie"]
[Result "0-1"]
[Termination "normal"]
[Board "8"]
[WhiteElo "1812"]
[BlackElo "2157"]
[PlyCount "62"]
[BlackFideId "4656741"]
[EventCountry "GER"]
[EventRounds "9"]
[EventType "swiss"]
[EventDate "2000.06.03"]

1. e4 c5 2. Nf3 Nc6 3. d4 cxd4 4. Nxd4 Qc7 5. Nc3 e6 6. Be3 a6 7. Bd3 Nf6 8.
O-O Ne5 9. h3 Bc5 10. f4 Nc6 11. Nf5 Ne7 12. Nd4 b5 13. Qd2 d6 14. Rad1 O-O 15.
g4 Qa7 16. e5 dxe5 17. fxe5 Bxd4 18. Bxd4 Qxd4+ 19. Rf2 Qxe5 20. Re1 Qg3+ 21.
Rg2 Qh4 22. g5 Nfd5 23. Nxd5 Nxd5 24. Re4 Qxh3 25. Qf2 f5 26. Rh4 Qe3 27. Rgh2
Qxg5+ 28. Kf1 h6 29. Rg2 Ne3+ 30. Kg1 Nxg2 31. Qxg2 Qxg2+ 0-1

[Event "DEM U16 2000"]
[Site "Überlingen GER"]
[Date "2000.06.04"]
[Round "1"]
[White "Schaffer, Hendrik"]
[Black "Zentgraf, Robert"]
[Result "1/2-1/2"]
[Termination "normal"]
[Board "9"]
[WhiteElo "2113"]
[BlackElo "1744"]
[PlyCount "106"]
[WhiteFideId "4663080"]
[BlackFideId "4676483"]
[EventCountry "GER"]
[EventRounds "9"]
[EventType "swiss"]
[EventDate "2000.06.03"]

1. d4 Nf6 2. c4 e6 3. Nf3 Bb4+ 4. Bd2 a5 5. Nc3 O-O 6. Qc2 d6 7. g3 Nbd7 8. Bg2
Re8 9. O-O e5 10. dxe5 Nxe5 11. b3 c6 12. Rad1 Nxf3+ 13. exf3 Be6 14. Be3 Bxc3
15. Qxc3 d5 16. Bg5 h6 17. Bxf6 Qxf6 18. Qxf6 gxf6 19. c5 a4 20. b4 a3 21. g4
Ra4 22. Rd4 b6 23. Rc1 Rb8 24. Bf1 Bd7 25. cxb6 Rxb6 26. Rb1 Be6 27. Rb3 Rb8
28. f4 f5 29. h3 Rba8 30. Rbd3 Kh7 31. f3 Bc8 32. Rc3 Bd7 33. Bd3 Rb8 34. Rb3
Kg7 35. gxf5 Kf6 36. Bc2 Bxf5 37. Rc3 Bxc2 38. Rxc6+ Kf5 39. Rxd5+ Kxf4 40. Kf2
f5 41. Rc4+ Kg5 42. Rxc2 Raxb4 43. Kg3 h5 44. h4+ Rxh4 45. Ra5 Rb2 46. Rxb2
axb2 47. Rb5 Ra4 48. Rxb2 Ra3 49. Rb4 Rxa2 50. f4+ Kf6 51. Rb6+ Kf7 52. Rb7+
Kg6 53. Rb6+ Kg7 1/2-1/2

[Event "DEM U16 2000"]
[Site "Überlingen GER"]
[Date "2000.06.04"]
[Round "1"]
[White "Hintz, Bastian"]
[Black "Balcerak, Philipp"]
[Result "0-1"]
[Termination "normal"]
[Board "10"]
[WhiteElo "1737"]
[BlackElo "2073"]
[PlyCount "90"]
[BlackFideId "4655036"]
[EventCountry "GER"]
[EventRounds "9"]
[EventType "swiss"]
[EventDate "2000.06.03"]

1. e4 c5 2. Nf3 d6 3. Bb5+ Bd7 4. Bxd7+ Qxd7 5. c4 Nf6 6. Nc3 Nc6 7. d4 cxd4 8.
Nxd4 Qg4 9. Qxg4 Nxg4 10. Nf3 g6 11. O-O Bg7 12. Bd2 Rc8 13. Rac1 Nce5 14. Nxe5
Bxe5 15. h3 Nf6 16. b3 Rg8 17. Rfe1 g5 18. Nd5 Nd7 19. Bc3 g4 20. hxg4 Rxg4 21.
f3 Rg6 22. f4 Bxc3 23. Rxc3 e6 24. Ne3 Nc5 25. Nd1 Rg4 26. Rf3 Kd7 27. Nf2 Rg7
28. Kf1 h5 29. Nd3 Nxd3 30. Rxd3 Rg4 31. g3 h4 32. Red1 Rc6 33. Kg2 hxg3 34.
Rf1 b5 35. Rc3 bxc4 36. bxc4 Ra6 37. a3 Kc6 38. Kf3 f5 39. exf5 exf5 40. Rg1
Kc5 41. Rxg3 Rxg3+ 42. Kxg3 Kd4 43. Rc1 Rxa3+ 44. Kh4 Ke4 45. Rd1 Rd3 0-1

[Event "DEM U16 2000"]
[Site "Überlingen GER"]
[Date "2000.06.04"]
[Round "1"]
[White "de Wiljes, Jan-Hendrik"]
[Black "Friedt, Eduard"]
[Result "1-0"]
[Termination "normal"]
[Board "11"]
[WhiteElo "1993"]
[BlackElo "1633"]
[PlyCount "57"]
[EventCountry "GER"]
[EventRounds "9"]
[EventType "swiss"]
[EventDate "2000.06.03"]

1. e4 c5 2. Nf3 d6 3. d4 cxd4 4. Nxd4 Nf6 5. Nc3 g6 6. Be3 Bg7 7. f3 O-O 8. Bc4
Nc6 9. Qd2 Bd7 10. O-O-O a6 11. g4 b5 12. Bb3 Na5 13. Kb1 Rb8 14. Bh6 Nxb3 15.
cxb3 a5 16. h4 b4 17. Nce2 a4 18. h5 axb3 19. Nxb3 Qb6 20. hxg6 fxg6 21. Bxg7
Kxg7 22. Qh6+ Kg8 23. e5 dxe5 24. Rxd7 Qe6 25. Rdd1 Qa6 26. Nec1 Rfc8 27. g5
Nh5 28. Rxh5 Rxc1+ 29. Nxc1 1-0

[Event "DEM U16 2000"]
[Site "Überlingen GER"]
[Date "2000.06.04"]
[Round "1"]
[White "Buchwald, Stefan"]
[Black "Wehner, Roland"]
[Result "0-1"]
[Termination "normal"]
[Board "12"]
[WhiteElo "1610"]
[BlackElo "1976"]
[PlyCount "90"]
[BlackFideId "4683161"]
[EventCountry "GER"]
[EventRounds "9"]
[EventType "swiss"]
[EventDate "2000.06.03"]

1. e4 e6 2. d4 d5 3. exd5 exd5 4. Bd3 Bd6 5. Nf3 Ne7 6. O-O O-O 7. Re1 Bf5 8.
Bg5 Bxd3 9. Qxd3 c6 10. Nbd2 Qc7 11. Bh4 Ng6 12. Bg3 Nd7 13. Bxd6 Qxd6 14. Nf1
Nf6 15. Ne5 Rae8 16. Nxg6 hxg6 17. Ng3 Qb4 18. Reb1 Re6 19. c3 Qe7 20. Kf1 Ng4
21. h3 Ne3+ 22. Kg1 Qg5 23. Qd2 f5 24. fxe3 Qxg3 25. Re1 Rfe8 26. Qf2 Qg5 27.
Qd2 Rxe3 28. Rxe3 Rxe3 29. Re1 f4 30. Rxe3 fxe3 31. Qe2 Qf4 32. Qf3 Qxf3 33.
gxf3 Kf7 34. Kf1 Kf6 35. Ke2 Kg5 36. Kxe3 Kh4 37. Kf4 Kxh3 38. Kg5 Kg3 39. f4
Kf3 40. a3 a6 41. a4 a5 42. b3 Kg3 43. c4 Kf3 44. f5 gxf5 45. Kxf5 g5 0-1

[Event "DEM U16 2000"]
[Site "Überlingen GER"]
[Date "2000.06.04"]
[Round "2"]
[White "Helm, Leonie"]
[Black "Feige, Manuel"]
[Result "1/2-1/2"]
[Termination "normal"]
[Board "1"]
[WhiteElo "2157"]
[BlackElo "2246"]
[PlyCount "79"]
[WhiteFideId "4656741"]
[BlackFideId "4656350"]
[EventCountry "GER"]
[EventRounds "9"]
[EventType "swiss"]
[EventDate "2000.06.03"]

1. e4 c5 2. Nf3 Nc6 3. d4 cxd4 4. Nxd4 g6 5. c4 Nf6 6. Nc3 d6 7. Be2 Nxd4 8.
Qxd4 Bg7 9. Be3 O-O 10. Qd2 Be6 11. Rc1 Qa5 12. O-O a6 13. f3 Rfc8 14. b3 b5
15. Nd5 Qxd2 16. Bxd2 Nxd5 17. cxd5 Bd4+ 18. Kh1 Bd7 19. Rxc8+ Rxc8 20. Rc1
Rxc1+ 21. Bxc1 f5 22. exf5 Bxf5 23. a4 bxa4 24. bxa4 a5 25. Bd2 Bb6 26. h4 Bc2
27. Bb5 Bb3 28. Bc6 Kf7 29. Kh2 e6 30. dxe6+ Kxe6 31. Kg3 Bd8 32. Kf4 d5 33.
Ke3 Kd6 34. Bb5 Bc2 35. Bc3 Kc5 36. g4 Bxh4 37. Bxa5 d4+ 38. Kd2 Bb3 39. Bc7
Be7 40. f4 1/2-1/2

[Event "DEM U16 2000"]
[Site "Überlingen GER"]
[Date "2000.06.04"]
[Round "2"]
[White "Rau, Hannes"]
[Black "Klinger, Sebastian"]
[Result "1-0"]
[Termination "normal"]
[Board "2"]
[WhiteElo "2227"]
[BlackElo "2172"]
[PlyCount "56"]
[WhiteFideId "4657594"]
[BlackFideId "4667549"]
[EventCountry "GER"]
[EventRounds "9"]
[EventType "swiss"]
[EventDate "2000.06.03"]

1. d4 Nf6 2. c4 g6 3. Nc3 Bg7 4. e4 d6 5. Nf3 O-O 6. Be2 e5 7. Be3 Nc6 8. d5
Ne7 9. Nd2 Ne8 10. O-O f5 11. f3 f4 12. Bf2 h5 13. c5 g5 14. Nc4 Rf6 15. cxd6
cxd6 16. Nb5 b6 17. a4 Bd7 18. Qb3 Nc8 19. a5 Rb8 20. axb6 axb6 21. Na7 Nxa7
22. Rxa7 b5 23. Nb6 Rxb6 24. Rxd7 Qxd7 25. Bxb6 g4 26. Qxb5 Qe7 27. fxg4 hxg4
28. Bxg4 Rh6 1-0

[Event "DEM U16 2000"]
[Site "Überlingen GER"]
[Date "2000.06.04"]
[Round "2"]
[White "Balcerak, Philipp"]
[Black "Gasthofer, Alexander"]
[Result "1-0"]
[Termination "normal"]
[Board "3"]
[WhiteElo "2073"]
[BlackElo "2212"]
[PlyCount "49"]
[WhiteFideId "4655036"]
[BlackFideId "4655150"]
[EventCountry "GER"]
[EventRounds "9"]
[EventType "swiss"]
[EventDate "2000.06.03"]

1. e4 d6 2. d4 Nf6 3. Nc3 e5 4. Nf3 Nbd7 5. Bc4 Be7 6. O-O O-O 7. Re1 c6 8. a4
Qc7 9. h3 b6 10. Bg5 a6 11. Ba2 Rb8 12. Nh4 exd4 13. Qxd4 Nc5 14. Nf5 Bxf5 15.
exf5 d5 16. Qe3 Bd6 17. Bxf6 gxf6 18. Bxd5 cxd5 19. Nxd5 Qd8 20. Qh6 Bh2+ 21.
Kxh2 Qxd5 22. Ra3 Ne6 23. Rg3+ Ng5 24. Rxg5+ fxg5 25. f6 1-0

[Event "DEM U16 2000"]
[Site "Überlingen GER"]
[Date "2000.06.04"]
[Round "2"]
[White "Jenull, Marco"]
[Black "de Wiljes, Jan-Hendrik"]
[Result "1/2-1/2"]
[Termination "normal"]
[Board "4"]
[WhiteElo "2180"]
[BlackElo "1993"]
[PlyCount "47"]
[WhiteFideId "4651529"]
[EventCountry "GER"]
[EventRounds "9"]
[EventType "swiss"]
[EventDate "2000.06.03"]

1. e4 c5 2. Nf3 g6 3. c3 Bg7 4. d4 cxd4 5. cxd4 d5 6. exd5 Nf6 7. Nc3 Nxd5 8.
Bc4 Nxc3 9. bxc3 O-O 10. O-O Qc7 11. Qe2 Bg4 12. Be3 Bxf3 13. gxf3 Nd7 14. Rac1
Nb6 15. Bb3 Rfd8 16. f4 Rac8 17. Rfd1 Nc4 18. Qf3 Qd7 19. d5 b6 20. h4 Nb2 21.
Rd2 Bxc3 22. Rxc3 Rxc3 23. Rxb2 Qf5 24. Kh2 1/2-1/2

[Event "DEM U16 2000"]
[Site "Überlingen GER"]
[Date "2000.06.04"]
[Round "2"]
[White "Wehner, Roland"]
[Black "Köpke, Christian"]
[Result "0-1"]
[Termination "normal"]
[Board "5"]
[WhiteElo "1976"]
[BlackElo "2164"]
[PlyCount "56"]
[WhiteFideId "4683161"]
[BlackFideId "4655737"]
[EventCountry "GER"]
[EventRounds "9"]
[EventType "swiss"]
[EventDate "2000.06.03"]

1. e4 c5 2. c3 d5 3. exd5 Qxd5 4. d4 Nf6 5. Nf3 Bg4 6. Be2 e6 7. h3 Bh5 8. O-O
Nc6 9. Be3 cxd4 10. cxd4 Be7 11. Nc3 Qd6 12. Qb3 O-O 13. Rfd1 Nd5 14. Nxd5 exd5
15. Rac1 Na5 16. Qb5 b6 17. g4 Bg6 18. Ne5 a6 19. Qa4 Bd8 20. Nc6 Bc7 21. Kf1
Qh2 22. Ke1 Bd6 23. Nxa5 bxa5 24. Qxa5 Rab8 25. a3 Rxb2 26. Qxa6 Re8 27. Rc8
Qg1+ 28. Bf1 Qxf2# 0-1

[Event "DEM U16 2000"]
[Site "Überlingen GER"]
[Date "2000.06.04"]
[Round "2"]
[White "Ladinzon, Igor"]
[Black "Schaffer, Hendrik"]
[Result "0-1"]
[Termination "normal"]
[Board "6"]
[WhiteElo "2170"]
[BlackElo "2113"]
[PlyCount "106"]
[WhiteFideId "4663020"]
[BlackFideId "4663080"]
[EventCountry "GER"]
[EventRounds "9"]
[EventType "swiss"]
[EventDate "2000.06.03"]

1. e4 c5 2. c3 Nf6 3. e5 Nd5 4. d4 cxd4 5. Nf3 e6 6. cxd4 b6 7. Nc3 Nxc3 8.
bxc3 Qc7 9. Bd2 Be7 10. Bd3 Bb7 11. O-O d6 12. Bf4 Nd7 13. exd6 Bxd6 14. Bxd6
Qxd6 15. a4 O-O 16. a5 Rfc8 17. c4 Nf6 18. Be2 Rd8 19. Qb3 Rab8 20. Rfd1 Be4
21. axb6 axb6 22. Ra6 Qc7 23. Ne5 Nd7 24. Bf3 Nxe5 25. Bxe4 Qxc4 26. Qxc4 Nxc4
27. Raa1 b5 28. d5 e5 29. Rdc1 Nd6 30. Bc2 g6 31. Bb3 Rb7 32. f3 Nf5 33. Rab1
Nd4 34. Kf2 Nxb3 35. Rxb3 Rxd5 36. Ke3 f5 37. g4 Kf7 38. gxf5 gxf5 39. Rc6 b4
40. Rc4 Rdb5 41. Rc6 R7b6 42. Rc7+ Kg6 43. Rc2 Ra6 44. Rcb2 Rab6 45. Rc2 h6 46.
Rcb2 Kf6 47. Rd2 f4+ 48. Ke4 Rc6 49. Rd8 Rc4+ 50. Kd3 Rbc5 51. Ke2 Rc2+ 52. Rd2
Rxd2+ 53. Kxd2 Rc4 0-1

[Event "DEM U16 2000"]
[Site "Überlingen GER"]
[Date "2000.06.04"]
[Round "2"]
[White "Kapp, Martin"]
[Black "Berrang, Gerritt"]
[Result "1/2-1/2"]
[Termination "normal"]
[Board "7"]
[WhiteElo "1817"]
[BlackElo "1828"]
[PlyCount "37"]
[EventCountry "GER"]
[EventRounds "9"]
[EventType "swiss"]
[EventDate "2000.06.03"]

1. d4 Nf6 2. c4 g6 3. Nc3 Bg7 4. e4 d6 5. f3 O-O 6. Be3 Nbd7 7. Bd3 c5 8. d5 a6
9. Nge2 Rb8 10. O-O e6 11. dxe6 fxe6 12. Nf4 Ne5 13. Qd2 Qe7 14. Rfd1 Rd8 15.
Be2 b6 16. Rac1 Bb7 17. a3 Nc6 18. Kh1 Ba8 19. Bf1 1/2-1/2

[Event "DEM U16 2000"]
[Site "Überlingen GER"]
[Date "2000.06.04"]
[Round "2"]
[White "Zentgraf, Robert"]
[Black "Schlichthaar, Robert"]
[Result "1/2-1/2"]
[Termination "normal"]
[Board "8"]
[WhiteElo "1744"]
[BlackElo "1925"]
[PlyCount "117"]
[WhiteFideId "4676483"]
[BlackFideId "4672763"]
[EventCountry "GER"]
[EventRounds "9"]
[EventType "swiss"]
[EventDate "2000.06.03"]

1. e4 e5 2. Nf3 Nc6 3. Bb5 Bc5 4. c3 Nf6 5. d4 exd4 6. e5 Nd5 7. O-O O-O 8.
cxd4 Be7 9. Nc3 Nxc3 10. bxc3 d5 11. Bd3 Bg4 12. h3 Bh5 13. Kh2 f6 14. g4 Bf7
15. Bf4 fxe5 16. Nxe5 Bd6 17. Bg3 Bxe5 18. dxe5 d4 19. cxd4 Qxd4 20. Bf5 Nxe5
21. Qxd4 Nf3+ 22. Kg2 Nxd4 23. Be4 c6 24. Rfb1 Rfe8 25. f3 Rxe4 26. fxe4 Nc2
27. Rc1 Nxa1 28. Rxa1 Rd8 29. Kf3 Rd3+ 30. Kg2 Re3 31. Rd1 Rxe4 32. Rd8+ Re8
33. Rxe8+ Bxe8 34. Bf2 b6 35. h4 Kf7 36. Kf3 Ke6 37. Bd4 g6 38. Ke4 c5 39. Be5
Bc6+ 40. Kf4 g5+ 41. hxg5 Kd5 42. Bb8 a6 43. Ke3 Kc4 44. Kd2 Bf3 45. g6 hxg6
46. g5 Be4 47. Kc1 b5 48. Be5 a5 49. Kb2 b4 50. Bf6 Kb5 51. Bd8 c4 52. Bc7 c3+
53. Ka1 a4 54. Be5 Bd5 55. a3 Kc4 56. axb4 Kd3 57. b5 Kc2 58. b6 Kd1 59. Bxc3
1/2-1/2

[Event "DEM U16 2000"]
[Site "Überlingen GER"]
[Date "2000.06.04"]
[Round "2"]
[White "Schlawin, Marlon"]
[Black "Hintz, Bastian"]
[Result "1-0"]
[Termination "normal"]
[Board "10"]
[WhiteElo "1870"]
[BlackElo "1737"]
[PlyCount "35"]
[WhiteFideId "4675584"]
[EventCountry "GER"]
[EventRounds "9"]
[EventType "swiss"]
[EventDate "2000.06.03"]

1. e4 c5 2. Nf3 e6 3. d4 cxd4 4. Nxd4 Nf6 5. Nc3 d6 6. Be3 Be7 7. Be2 Nc6 8.
O-O Bd7 9. Nb3 O-O 10. f4 a6 11. a4 b6 12. g4 Nb4 13. Bd3 Bc6 14. g5 Nd7 15.
Qh5 Nxd3 16. cxd3 g6 17. Qh6 f5 18. Nd4 1-0

[Event "DEM U16 2000"]
[Site "Überlingen GER"]
[Date "2000.06.04"]
[Round "2"]
[White "Zolotarew, Pawel"]
[Black "Buchwald, Stefan"]
[Result "1-0"]
[Termination "normal"]
[Board "12"]
[WhiteElo "1832"]
[BlackElo "1610"]
[PlyCount "53"]
[EventCountry "GER"]
[EventRounds "9"]
[EventType "swiss"]
[EventDate "2000.06.03"]

1. Nf3 c5 2. g3 Nc6 3. Bg2 g6 4. O-O Bg7 5. d3 e6 6. Nbd2 Nge7 7. e4 O-O 8. Re1
d5 9. e5 Qc7 10. Qe2 Nf5 11. c3 b6 12. Nf1 h6 13. h4 Ba6 14. Bf4 Rac8 15. Bh3
Nfe7 16. N1h2 h5 17. g4 hxg4 18. Nxg4 d4 19. c4 b5 20. b3 bxc4 21. bxc4 Rb8 22.
Qd2 Rb4 23. Nf6+ Kh8 24. h5 Nf5 25. Bxf5 gxf5 26. Bh6 Rfb8 27. Qg5 1-0

[Event "DEM U16 2000"]
[Site "Überlingen GER"]
[Date "2000.06.05"]
[Round "3"]
[White "Balcerak, Philipp"]
[Black "Rau, Hannes"]
[Result "1/2-1/2"]
[Termination "normal"]
[Board "1"]
[WhiteElo "2073"]
[BlackElo "2227"]
[PlyCount "47"]
[WhiteFideId "4655036"]
[BlackFideId "4657594"]
[EventCountry "GER"]
[EventRounds "9"]
[EventType "swiss"]
[EventDate "2000.06.03"]

1. e4 c5 2. Nf3 d6 3. d4 cxd4 4. Nxd4 Nf6 5. Nc3 Nc6 6. Bg5 e6 7. Qd2 a6 8.
O-O-O h6 9. Be3 Ng4 10. Nxc6 bxc6 11. Bc5 Qg5 12. Qxg5 hxg5 13. Be2 dxc5 14.
Bxg4 Be7 15. h3 Bf6 16. Na4 Rb8 17. c3 Be7 18. Rhe1 f6 19. b3 Kf7 20. e5 Rb7
21. Bf3 Bd7 22. c4 Be8 23. Rd3 f5 24. Red1 1/2-1/2

[Event "DEM U16 2000"]
[Site "Überlingen GER"]
[Date "2000.06.05"]
[Round "3"]
[White "Feige, Manuel"]
[Black "de Wiljes, Jan-Hendrik"]
[Result "1-0"]
[Termination "normal"]
[Board "2"]
[WhiteElo "2246"]
[BlackElo "1993"]
[PlyCount "81"]
[WhiteFideId "4656350"]
[EventCountry "GER"]
[EventRounds "9"]
[EventType "swiss"]
[EventDate "2000.06.03"]

1. d4 g6 2. c4 Bg7 3. e4 d6 4. Nc3 Nc6 5. Be3 e5 6. d5 Nce7 7. g4 Nf6 8. f3 Nd7
9. Bd3 Nc5 10. Bc2 f5 11. exf5 gxf5 12. h3 h5 13. g5 h4 14. f4 exf4 15. Bxf4
Bxc3+ 16. bxc3 Ng6 17. Qd4 Qe7+ 18. Ne2 Bd7 19. O-O-O O-O-O 20. Rde1 Rde8 21.
Bd2 Qe5 22. Qg1 Kb8 23. Nf4 Qg7 24. Rxe8+ Rxe8 25. Nxg6 Qxg6 26. Qf2 Qh5 27.
Re1 Ne4 28. Qf4 Nxd2 29. Rxe8+ Qxe8 30. Kxd2 Qh8 31. Qd4 Qh5 32. Qf6 Qf3 33.
Qh8+ Bc8 34. Qxh4 Qg2+ 35. Kc1 Qg1+ 36. Kb2 Qb6+ 37. Bb3 Qe3 38. g6 Qg1 39. Qf6
f4 40. Bc2 Qg2 41. Qxf4 1-0

[Event "DEM U16 2000"]
[Site "Überlingen GER"]
[Date "2000.06.05"]
[Round "3"]
[White "Schaffer, Hendrik"]
[Black "Jenull, Marco"]
[Result "1/2-1/2"]
[Termination "normal"]
[Board "3"]
[WhiteElo "2113"]
[BlackElo "2180"]
[PlyCount "46"]
[WhiteFideId "4663080"]
[BlackFideId "4651529"]
[EventCountry "GER"]
[EventRounds "9"]
[EventType "swiss"]
[EventDate "2000.06.03"]

1. d4 d5 2. c4 e6 3. Nc3 c6 4. Nf3 Nd7 5. Bg5 Ngf6 6. e3 Be7 7. Qc2 O-O 8. Bd3
dxc4 9. Bxc4 b5 10. Bd3 Bb7 11. O-O Rc8 12. Ne5 h6 13. Bf4 a6 14. Rfd1 Nd5 15.
Nxd5 cxd5 16. Qe2 Nxe5 17. Bxe5 Bd6 18. Bxd6 Qxd6 19. Rac1 Rc6 20. Rxc6 Qxc6
21. Rd2 Qc1+ 22. Rd1 Qc6 23. Rd2 Qc1+ 1/2-1/2

[Event "DEM U16 2000"]
[Site "Überlingen GER"]
[Date "2000.06.05"]
[Round "3"]
[White "Gasthofer, Alexander"]
[Black "Zolotarew, Pawel"]
[Result "1-0"]
[Termination "normal"]
[Board "5"]
[WhiteElo "2212"]
[BlackElo "1832"]
[PlyCount "41"]
[WhiteFideId "4655150"]
[EventCountry "GER"]
[EventRounds "9"]
[EventType "swiss"]
[EventDate "2000.06.03"]

1. d4 e6 2. Nf3 f5 3. g3 b6 4. Bg2 Bb7 5. O-O Nf6 6. c4 Be7 7. Nc3 Ne4 8. d5
Nxc3 9. bxc3 O-O 10. Qc2 Bf6 11. Ba3 Re8 12. Nd4 Bxd4 13. cxd4 Qc8 14. e4 exd5
15. exf5 dxc4 16. Qxc4+ Kh8 17. Bxb7 Qxb7 18. Qf7 Na6 19. f6 gxf6 20. Rae1 Qc8
21. Be7 1-0